[Event "Let's Play Chess!"]
[Site "http://www.queenalice.com/game.php?id=299833"]
[Date "2007.11.7"]
[Round "-"]
[White "jwh"]
[Black "spawnwolfwolverine"]
[Result "1-0"]
[WhiteElo "1666"]
[BlackElo "1624"]

1. e4 e5 2. Nf3 d6 3. d4 exd4 4. Nxd4 Nc6 5. Bb5 Bd7 6. Nxc6 Bxc6 7. Bxc6+ bxc6
8. Qe2 c5 9. Qb5+ Qd7 10. Qxd7+ Kxd7 11. Nc3 g6 12. O-O Bg7 13. Rd1 Bxc3 14.
bxc3 f6 15. Be3 Kc6 16. f3 f5 17. exf5 gxf5 18. Rd3 Nf6 19. Bg5 Nd5 20. a4 h6
21. Bd2 f4 22. c4 Nb4 23. Rc3 Rhf8 24. g3 fxg3 25. hxg3 h5 26. Kf2 a5 27. Bg5
Rf7 28. Rh1 Rh8 29. f4 d5 30. cxd5+ Nxd5 31. Rd3 Nb4 32. Re3 Nxc2 33. Re6+ Kb7
34. Rh6 Rxh6 35. Bxh6 Rf5 36. Bg5 Nd4 37. Rxh5 Ne6 38. g4 Rd5 39. Ke3 Nxg5 40.
Rxg5 Rxg5 41. fxg5 c4 42. g6 c3 43. g7 c2 44. Kd2 c5 45. g8=Q c1=Q+ 46. Kxc1 c4
47. Qd5+ Kb6 48. g5 c3 49. g6 c2 50. g7 Kc7 51. g8=Q Kb6 52. Qgd8+ Ka6 53. Q5a8#
1-0

[Event "Let's Play Chess!"]
[Site "http://www.queenalice.com/game.php?id=299957"]
[Date "2007.11.7"]
[Round "-"]
[White "jwh"]
[Black "cessna82783"]
[Result "1-0"]
[WhiteElo "1643"]
[BlackElo "1774"]

1. e4 e6 2. d4 d5 3. e5 c5 4. c3 Nc6 5. Nf3 Bd7 6. Be2 Nge7 7. O-O Ng6 8. g3 Qb6
9. h4 Be7 10. h5 Nf8 11. dxc5 Qc7 12. Na3 Nxe5 13. Nxe5 Qxe5 14. Bf4 Qf6 15. Nb5
Rc8 16. Nxa7 Rxc5 17. Be3 Qf5 18. Qb3 Qh3 19. Qxb7 f5 20. Qb6 d4 21. Bxd4 Rd5
22. Bf3 Rd6 23. Nc6 Bxc6 24. Bxc6+ Kf7 25. Qc7 e5 26. Bxe5 Ne6 27. Qb7 Rdd8 28.
Rfe1 f4 29. Bxf4 Qxh5 30. Rxe6 Kg8 31. Rxe7 Rd1+ 32. Rxd1 Qxd1+ 33. Kg2 1-0

[Event "Well aren't we clever!"]
[Site "http://www.queenalice.com/game.php?id=301109"]
[Date "2007.11.9"]
[Round "-"]
[White "jwh"]
[Black "upanchor"]
[Result "1-0"]
[WhiteElo "1699"]
[BlackElo "1166"]

1. e4 Nf6 2. e5 Ne4 3. d3 Ng5 4. Bxg5 Nc6 5. Nf3 d5 6. exd6 Qxd6 7. Nbd2 Qe6+ 8.
Be2 Qg6 9. O-O e5 10. Ne4 Bg4 11. h3 Bh5 12. g4 Bxg4 13. hxg4 Nd4 14. Nxe5 Qe6
15. Nc4 b5 16. Bf3 a5 17. Re1 bxc4 18. Nf6+ gxf6 19. Bxf6 Bb4 20. Rxe6+ fxe6 21.
Bxa8 O-O 22. Bxd4 Rxa8 23. Qc1 Rd8 24. Qg5+ Kf7 25. Qf6+ Ke8 26. Qxe6+ Be7 27.
Re1 Rd6 28. Qxe7# 1-0

[Event "Challenge"]
[Site "http://www.queenalice.com/game.php?id=302405"]
[Date "2007.11.11"]
[Round "-"]
[White "jwh"]
[Black "zoneblitz"]
[Result "1-0"]
[WhiteElo "1785"]
[BlackElo "1586"]

1. e4 e5 2. Nf3 Nc6 3. Bb5 a6 4. Bxc6 dxc6 5. d4 exd4 6. Qxd4 Qxd4 7. Nxd4 Bd7
8. O-O O-O-O 9. c4 Nf6 10. Nc3 Bc5 11. Nc2 Rhe8 12. Bg5 Bg4 13. Rae1 Rd3 14. Na4
Bb6 15. Nxb6+ cxb6 16. f3 Be6 17. b3 h6 18. Nb4 Rc3 19. Bd2 1-0

[Event "Challenge"]
[Site "http://www.queenalice.com/game.php?id=303155"]
[Date "2007.11.13"]
[Round "-"]
[White "jwh"]
[Black "riverriver"]
[Result "1-0"]
[WhiteElo "1811"]
[BlackElo "1564"]

1. e4 e5 2. Nc3 Nc6 3. Nf3 Nf6 4. Bb5 a6 5. Bxc6 dxc6 6. Nxe5 Qd4 7. Nf3 Qb6 8.
e5 Nd5 9. O-O Bb4 10. Na4 Qa5 11. c3 Be7 12. b4 Qb5 13. d3 Nb6 14. Nxb6 Qxb6 15.
Rb1 O-O 16. Be3 c5 17. bxc5 Qc6 18. d4 Qg6 19. d5 Bh3 20. Ne1 Rae8 21. Rxb7 Rc8
22. Qa4 1-0

[Event "Let's Play Chess!"]
[Site "http://www.queenalice.com/game.php?id=311597"]
[Date "2007.11.28"]
[Round "-"]
[White "jwh"]
[Black "junelorena"]
[Result "1-0"]
[WhiteElo "1748"]
[BlackElo "1509"]

1. e4 c6 2. d4 d5 3. exd5 cxd5 4. c4 Nf6 5. Nc3 e6 6. Nf3 Bd6 7. cxd5 Nxd5 8.
Nxd5 exd5 9. Bd3 O-O 10. O-O Qc7 11. h3 Nc6 12. Ng5 Nxd4 13. Bxh7+ Kh8 14. Qh5
Bh2+ 15. Kh1 g6 16. Qh6 Bf5 17. Bxg6+ 1-0

[Event "Let's Play Chess!"]
[Site "http://www.queenalice.com/game.php?id=312277"]
[Date "2007.11.29"]
[Round "-"]
[White "jwh"]
[Black "spawnwolfwolverine"]
[Result "1-0"]
[WhiteElo "1701"]
[BlackElo "1662"]

1. e4 e5 2. Nf3 d6 3. d4 exd4 4. Nxd4 Be7 5. Nc3 Bd7 6. Nf5 Bxf5 7. exf5 Nf6 8.
Bd3 O-O 9. O-O b6 10. Bf4 Nbd7 11. Re1 Nc5 12. Bb5 a5 13. Bc6 Ra7 14. Qe2 h6 15.
Qxe7 Qxe7 16. Rxe7 g5 17. fxg6 fxg6 18. Nb5 g5 19. Bg3 Raa8 20. Bxa8 Rxa8 21.
Rd1 Na4 22. Nxc7 Rc8 23. Rxd6 Nh5 24. Rg6+ Kf8 25. Bd6 Rxc7 26. Rxc7+ Ke8 27.
Rg8# 1-0

[Event "i miss ya man!"]
[Site "http://www.queenalice.com/game.php?id=312621"]
[Date "2007.11.29"]
[Round "-"]
[White "jwh"]
[Black "upanchor"]
[Result "1-0"]
[WhiteElo "1813"]
[BlackElo "1155"]

1. e4 e5 2. Nf3 Nc6 3. Bc4 Nf6 4. Ng5 Bc5 5. Nxf7 Qe7 6. Nxh8 Nxe4 7. Qh5+ g6 8.
Nxg6 d5 9. Nxe7+ Kxe7 10. Bxd5 Bb4 11. Bxc6 bxc6 12. Qxe5+ Be6 13. Qxe4 Kd7 14.
Qxb4 Rc8 15. Qd4+ Bd5 16. Qg4+ Be6 17. Qg7+ Kd6 18. Nc3 c5 19. Ne4+ Kc6 20. Qe7
Bd5 21. Qxc5+ Kd7 22. Qxd5+ Ke8 23. Ng5 h6 24. Qe6+ Kf8 25. Qf7# 1-0

[Event "Challenge"]
[Site "http://www.queenalice.com/game.php?id=313248"]
[Date "2007.12.1"]
[Round "-"]
[White "jwh"]
[Black "smcneil"]
[Result "1-0"]
[WhiteElo "1754"]
[BlackElo "1778"]

1. e4 e5 2. Nf3 Nc6 3. Nc3 Bc5 4. Bb5 Nf6 5. O-O O-O 6. d3 a6 7. Bxc6 dxc6 8.
Nxe5 Bd4 9. Nf3 Bg4 10. h3 Bxf3 11. Qxf3 c5 12. Bg5 h6 13. Bh4 Qd6 14. Bxf6 Bxf6
15. Nd5 Bxb2 16. Rab1 Bd4 17. Rxb7 Rae8 18. Rfb1 Re6 19. c3 Bf6 20. Nxc7 Re7 21.
R1b6 Qe5 22. Nd5 Rxb7 23. Rxb7 Qg5 24. Nxf6+ gxf6 25. Rb6 Kg7 26. c4 a5 27. Ra6
Rb8 28. Rxa5 Rb1+ 29. Kh2 Qe5+ 30. g3 Qc3 31. Qg4+ Kh7 32. Ra7 Rh1+ 33. Kg2 Rg1+
34. Kh2 Rh1+ 35. Kxh1 Qc1+ 36. Kg2 Qg5 37. a4 h5 38. Rxf7+ Kg6 39. Qxg5+ Kxg5
40. f4+ Kg6 41. Rc7 Kh6 42. a5 1-0

[Event "JAMES 2"]
[Site "http://www.queenalice.com/game.php?id=313349"]
[Date "2007.12.1"]
[Round "-"]
[White "jwh"]
[Black "Ashitaka"]
[Result "1-0"]
[WhiteElo "1805"]
[BlackElo "1614"]

1. e4 e5 2. Nf3 Nc6 3. Bc4 Bc5 4. b4 Bxb4 5. c3 Bc5 6. O-O d6 7. d4 Bb6 8. dxe5
dxe5 9. Qxd8+ Nxd8 10. Nxe5 Nf6 11. Bg5 Ke7 12. Nf3 Be6 13. Nbd2 h6 14. Bxf6+
Kxf6 15. a4 Nc6 16. Bd5 Na5 17. Rfc1 Rad8 18. c4 c6 19. Bxe6 Kxe6 20. c5 Bc7 21.
Rab1 Bf4 22. Rb2 Rd3 23. Rcc2 Rhd8 24. Kf1 Bxd2 25. Nxd2 R8d4 26. Ra2 Kd7 27.
Ke2 b6 28. Nf3 Rxf3 29. gxf3 Nb3 30. cxb6 axb6 31. Rc3 Rb4 32. Ke3 Na5 33. Rd2+
Kc7 34. Rd4 Rxd4 35. Kxd4 c5+ 36. Kd5 Nc6 37. f4 Ne7+ 38. Kc4 Kc6 39. Rd3 g6 40.
Rd8 1-0

[Event "Challenge"]
[Site "http://www.queenalice.com/game.php?id=313437"]
[Date "2007.12.1"]
[Round "-"]
[White "jwh"]
[Black "zemaria"]
[Result "1-0"]
[WhiteElo "1715"]
[BlackElo "1746"]

1. e4 g6 2. d4 e6 3. Nf3 Bg7 4. Be2 d6 5. O-O Qe7 6. Bg5 Bf6 7. Bf4 h6 8. e5
dxe5 9. Nxe5 Bg7 10. Nc3 b6 11. Bf3 c6 12. Nxc6 g5 13. Nxe7 1-0

[Event "Challenge"]
[Site "http://www.queenalice.com/game.php?id=314221"]
[Date "2007.12.3"]
[Round "-"]
[White "jwh"]
[Black "zemaria"]
[Result "1-0"]
[WhiteElo "1732"]
[BlackElo "1729"]

1. e4 e5 2. Nf3 Nf6 3. Nxe5 d6 4. Nf3 Nxe4 5. d4 d5 6. Bd3 Nc6 7. Qe2 Be7 8.
Bxe4 dxe4 9. Qxe4 O-O 10. O-O Re8 11. Re1 Bf6 12. Qxe8+ Qxe8 13. Rxe8# 1-0

[Event "Let's Play Chess!"]
[Site "http://www.queenalice.com/game.php?id=315072"]
[Date "2007.12.5"]
[Round "-"]
[White "jwh"]
[Black "razoman"]
[Result "1-0"]
[WhiteElo "1771"]
[BlackElo "1888"]

1. e4 c5 2. g3 Nc6 3. Nc3 d6 4. Nf3 Bg4 5. Bb5 a6 6. Be2 Bh3 7. Ng5 Bd7 8. O-O
Nf6 9. d3 h6 10. Nf3 e5 11. Nd5 Nxd5 12. exd5 Nd4 13. Nxd4 cxd4 14. c3 dxc3 15.
bxc3 Be7 16. f4 Qb6+ 17. Rf2 O-O 18. fxe5 dxe5 19. d4 e4 20. Qb3 Qc7 21. c4 Bd6
22. c5 Bxc5 23. dxc5 Qxc5 24. Be3 Qd6 25. Qxb7 Bc8 26. Qxa8 1-0

[Event "got an ass to kick in Cally, lad"]
[Site "http://www.queenalice.com/game.php?id=317920"]
[Date "2007.12.10"]
[Round "-"]
[White "upanchor"]
[Black "jwh"]
[Result "1-0"]
[WhiteElo "1146"]
[BlackElo "1815"]

1. e4 e5 2. c3 Nf6 3. Nf3 Nc6 4. d4 d6 5. Nh4 g6 6. Bc4 exd4 7. cxd4 Na5 8. Qa4+
Nc6 9. d5 Bd7 10. dxc6 Bxc6 11. Qb3 Nxe4 12. Qe3 Qxh4 13. O-O Bh6 14. f4 g5 15.
fxg5 Bxg5 16. Bxf7+ Ke7 17. Qd4 Bb5 18. Nc3 Bf6 19. Nd5+ Kf8 20. Rxf6 Qe1+ 21.
Rf1 Bxf1 22. Qxh8+ Kxf7 23. Qxh7+ Ke6 24. Qg8+ Rxg8 25. Nxc7+ Kd7 26. Nd5 Qf2+
27. Kh1 1-0

[Event "Challenge"]
[Site "http://www.queenalice.com/game.php?id=318326"]
[Date "2007.12.11"]
[Round "-"]
[White "smcneil"]
[Black "jwh"]
[Result "1-0"]
[WhiteElo "1728"]
[BlackElo "1815"]

1. e4 e5 2. Bc4 Nf6 3. d3 Bc5 4. Nf3 Ng4 5. h3 Nxf2 6. Qe2 Nxh1 7. Nxe5 Qe7 8.
Bxf7+ Kd8 9. Bf4 Bd4 10. Qh5 Bf2+ 11. Kd1 Ng3 12. Qg5 d6 13. Qxg7 Re8 14. Bg5
dxe5 15. Bxe7+ Kxe7 16. Bxe8+ Kxe8 17. Qxe5+ Kd8 18. Qf6+ Ke8 19. Qxf2 Nh1 20.
Qf3 Be6 21. Nc3 c6 22. Kd2 Ke7 23. Rxh1 Nd7 24. Qh5 Bf7 25. Qxh7 Rg8 26. Rf1
Rxg2+ 27. Ne2 Nf6 28. Qh4 Rg6 29. e5 1-0

[Event "Game 2"]
[Site "http://www.queenalice.com/game.php?id=318327"]
[Date "2007.12.11"]
[Round "-"]
[White "jwh"]
[Black "smcneil"]
[Result "0-1"]
[WhiteElo "1815"]
[BlackElo "1762"]

1. e4 e5 2. d4 Nc6 3. dxe5 Nxe5 4. Nf3 d6 5. Bf4 Bg4 6. h3 Nxf3+ 7. gxf3 Bh5 8.
Nc3 g6 9. e5 Bg7 10. Qd3 dxe5 11. Qb5+ c6 12. Qe2 Qe7 13. O-O-O exf4 14. Qc4
Bxf3 15. Be2 Bxh1 16. Rxh1 Nh6 17. Qe4 Nf5 18. Qxe7+ Nxe7 19. Re1 O-O 20. Bd3
Nd5 21. Re4 Rae8 22. a3 Rxe4 23. Nxe4 Re8 24. c4 Nb6 25. Nd6 Re1+ 26. Kc2 Rh1
27. c5 Na4 28. Bc4 Rxh3 29. Bxf7+ Kf8 30. b3 Nxc5 31. Kd2 Rd3+ 0-1

[Event "Have a pint and play!"]
[Site "http://www.queenalice.com/game.php?id=324354"]
[Date "2007.12.22"]
[Round "-"]
[White "jwh"]
[Black "upanchor"]
[Result "1-0"]
[WhiteElo "1828"]
[BlackElo "1223"]

1. e4 e5 2. Nf3 Nf6 3. Nxe5 Nxe4 4. Qe2 Ng5 5. Nc6+ Be7 6. Nxd8 Kxd8 7. Qd1 d5
8. d4 Nc6 9. Nc3 Bf5 10. Nxd5 Bd6 11. Bxg5+ Kc8 12. Bb5 Nb4 13. Ne3 g6 14. c3
Nd3+ 15. Bxd3 Re8 16. Bxf5+ gxf5 17. Qf3 Re4 18. Qxf5+ Kb8 19. Qxe4 a6 20. Qxh7
c5 21. Qxf7 cxd4 22. Bf6 dxe3 23. O-O-O e2 24. Rxd6 Ka7 25. Bd4+ Kb8 26. Rd8#
1-0

[Event "Now YOU have a pint & play, mate"]
[Site "http://www.queenalice.com/game.php?id=337833"]
[Date "2008.1.17"]
[Round "-"]
[White "jwh"]
[Black "upanchor"]
[Result "1-0"]
[WhiteElo "1849"]
[BlackElo "1194"]

1. e4 e5 2. Nf3 Nc6 3. Bc4 d6 4. O-O Nf6 5. Ng5 Bg4 6. Bxf7+ Ke7 7. f3 Bh5 8.
Bxh5 Nxh5 9. c3 Ke8 10. Qb3 Qxg5 11. Qxb7 Qd8 12. Qxc6+ Qd7 13. Qxa8+ Ke7 14.
Qxa7 c6 15. Qxd7+ Kxd7 16. d4 exd4 17. cxd4 Nf4 18. Bxf4 c5 19. Rd1 Ke7 20. dxc5
dxc5 21. Rd5 Kf7 22. Nc3 c4 23. Rd7+ Be7 24. Nd5 h5 25. Nxe7 Rf8 26. Nf5+ Kg8
27. Rxg7+ Kh8 28. Ra7 Rb8 29. Bxb8 Kg8 30. Rd1 h4 31. Rd8# 1-0